Защита прав призывника и военнослужащего, проходящего службу по призыву (Запись № 4045915)

Подробности
000 -МАРКЕР
контрольное поле 02567nam0a2200385 4500
001 - ИДЕНТИФИКАТОР ЗАПИСИ
контрольное поле RU\NLR\bibl\1989174
005 - ИДЕНТИФИКАТОР ВЕРСИИ
контрольное поле 20260406181109.0
010 ## - МЕЖДУНАРОДНЫЙ СТАНДАРТНЫЙ НОМЕР КНИГИ (ISBN)
Номер (ISBN) 5-89977-037-6
Тираж 4000
035 ## - ДРУГИЕ СИСТЕМНЫЕ НОМЕРА
Идентификатор записи (NLR Aleph) 001977729
100 ## - ДАННЫЕ ОБЩЕЙ ОБРАБОТКИ
Данные общей обработки 20130121d2001 |||y0rusy50 ca
101 0# - ЯЗЫК РЕСУРСА
Язык текста, звукозаписи и т.д. русский
102 ## - СТРАНА ПУБЛИКАЦИИ ИЛИ ПРОИЗВОДСТВА
Страна публикации Российская Федерация
105 ## - ПОЛЕ КОДИРОВАННЫХ ДАННЫХ: ТЕКСТОВЫЕ МАТЕРИАЛЫ, МОНОГРАФИЧЕСКИЕ
Кодированные данные о монографическом текстовом документе a |||||||||
200 1# - ЗАГЛАВИЕ И СВЕДЕНИЯ ОБ ОТВЕТСТВЕННОСТИ
Основное заглавие Защита прав призывника и военнослужащего, проходящего службу по призыву
Сведения, относящиеся к заглавию [практическое руководство
-- освобождение от призыва. Отсрочки. Остановка решения о призыве. Образцы заявлений и меры безопасности. Военная кафедра: за и против]
Первые сведения об ответственности Обществ. правозащит. орг. "Солдат. матери Санкт-Петербурга"
Последующие сведения об ответственности [сост.: Виленская Е.Ю. и др.
-- ред.: А.С. Никаноров]
205 ## - СВЕДЕНИЯ ОБ ИЗДАНИИ
Сведения об издании [Изд. 9-е]
210 ## - ПУБЛИКАЦИЯ, РАСПРОСТРАНЕНИЕ И ДР.
Место издания, распространения и т.д. Санкт-Петербург
Имя издателя, распространителя и т. д. Тускарора
-- Общественная правозащитня организация "Солдатские матери Санкт-Петербурга"
Дата издания, распространения и т.д. 2001
215 ## - ФИЗИЧЕСКАЯ ХАРАКТЕРИСТИКА
Специфическое обозначение материала и объем 176
Другие сведения о физической характеристике ил.
Размеры 21
601 01 - НАИМЕНОВАНИЕ ОРГАНИЗАЦИИ КАК ПРЕДМЕТ
Начальный элемент ввода Российская Федерация
Структурное подразделение организации Вооружённые силы
Формальный подзаголовок Практические пособия
Тематический подзаголовок Личный состав
-- Правовая защита
Системный номер авторитетной/нормативной записи 2309817
Идентификатор авторитетной/нормативной записи RU\NLR\AUTH\6601608220
606 1# - НАИМЕНОВАНИЕ ТЕМЫ КАК ПРЕДМЕТ
Наименование темы Призывники
Формальный подзаголовок Практические пособия
Тематический подзаголовок Социально-правовая защита
Географический подзаголовок Российская Федерация
Системный номер авторитетной/нормативной записи 2199937
Идентификатор авторитетной/нормативной записи RU\NLR\auth\661322026
606 1# - НАИМЕНОВАНИЕ ТЕМЫ КАК ПРЕДМЕТ
Наименование темы Призыв на действительную военную службу
Формальный подзаголовок Практические пособия
Тематический подзаголовок Правовые вопросы
Географический подзаголовок Российская Федерация
Системный номер авторитетной/нормативной записи 2128222
Идентификатор авторитетной/нормативной записи RU\NLR\auth\661284315
686 ## - ИНДЕКСЫ ДРУГИХ КЛАССИФИКАЦИЙ
Индекс Х620.33я7
686 1# - ИНДЕКСЫ ДРУГИХ КЛАССИФИКАЦИЙ
Индекс Х621.161я7
686 1# - ИНДЕКСЫ ДРУГИХ КЛАССИФИКАЦИЙ
Индекс Х629.218.99
686 1# - ИНДЕКСЫ ДРУГИХ КЛАССИФИКАЦИЙ
Индекс Ц4,6(2Р)231б4я7
702 #1 - ИМЯ ЛИЦА - ВТОРИЧНАЯ ОТВЕТСТВЕННОСТЬ
Начальный элемент ввода Виленская
Часть имени, кроме начального элемента ввода Е. Ю.
Расширение инициалов личного имени Елена Юрьевна
Код отношения Составитель
702 #1 - ИМЯ ЛИЦА - ВТОРИЧНАЯ ОТВЕТСТВЕННОСТЬ
Начальный элемент ввода Никаноров
Часть имени, кроме начального элемента ввода А. С.
Код отношения Редактор
712 02 - НАИМЕНОВАНИЕ ОРГАНИЗАЦИИ - ВТОРИЧНАЯ ОТВЕТСТВЕННОСТЬ
Код отношения Прочие
Начальный элемент ввода "Солдатские матери Санкт-Петербурга", общественная правозащитная организация
Идентификатор авторитетной/нормативной записи RU\NLR\AUTH\889945792
Системный номер авторитетной/нормативной записи 387027
801 #0 - ИСТОЧНИК ЗАПИСИ
Страна Российская Федерация
Организация NLR
Дата составления 20130121
Правила каталогизации RCR
801 #1 - ИСТОЧНИК ЗАПИСИ
Страна Российская Федерация
Организация NLR
Дата составления 20130121
830 ## - ОБЩЕЕ ПРИМЕЧАНИЕ, СОСТАВЛЕННОЕ КАТАЛОГИЗАТОРОМ
Текст примечания по эк
942 ## - ДОПОЛНИТЕЛЬНЫЕ ЭЛЕМЕНТЫ ЗАПИСИ (АБИС)
Тип экземпляра АБИС Книга
980 ## - КОЛЛЕКЦИЯ
Название коллекции Национальная библиография
Экземпляры
Тип экземпляра Дата поступления Источник поступления Библиотека постоянного хранения Библиотека текущего хранения Место хранения Шифр хранения Штрих-код Статус экземпляра
Книга 21.01.2013 Дар РНБ (Московский) РНБ (Московский) Русский книжный фонд: издания с 1957 года 2013-3/1440 3807489